| 000 | 00555cam a2200193 4500 | ||
|---|---|---|---|
| 001 | 44669 | ||
| 090 | _a44669 | ||
| 100 | _a19990110d1975 m y0pory50030103ba | ||
| 101 | 0 | _apor | |
| 102 | _aPT | ||
| 200 | 1 |
_aOs Lusíadas _fde Luís de Camões _gorg. por Emanuel Paulo Ramos |
|
| 210 | 9 |
_aPorto _cPorto Editora, _d1975 |
|
| 215 |
_a608 p. _cil. _d18 cm |
||
| 317 | _aBiblioteca Jorge de Sena | ||
| 675 |
_a821.134.3-13"15" _vBN _zpor |
||
| 700 | 1 |
_aCamões, _bLuís de, _f1524-1580 |
|
| 702 | 1 |
_aRamos, _bEmanuel Paulo, _f1922-2005 _4340 |
|
| 801 | 0 |
_aPT _bBN _gRPC |
|
| 990 | _cLIVROS | ||